<?xml version="1.0" encoding="UTF-8"?>
<marc:record xmlns:marc="http://www.loc.gov/MARC21/slim">
   <marc:leader>00000nam a2200000 a 4500</marc:leader>
   <marc:datafield ind1="1" ind2=" " tag="100">
      <marc:subfield code="a">Luhn, Usch</marc:subfield>
      <marc:subfield code="4">aut</marc:subfield>
      <marc:subfield code="e">Verfasser/-in</marc:subfield>
   </marc:datafield>
   <marc:datafield ind1=" " ind2=" " tag="653">
      <marc:subfield code="a">Kinderbuch</marc:subfield>
   </marc:datafield>
   <marc:datafield ind1=" " ind2=" " tag="653">
      <marc:subfield code="a">Kinderbücher bis 11 Jahre</marc:subfield>
   </marc:datafield>
   <marc:datafield ind1="0" ind2="0" tag="245">
      <marc:subfield code="a">Ponyherz wird ein Star</marc:subfield>
   </marc:datafield>
   <marc:datafield ind1="0" ind2="0" tag="245">
      <marc:subfield code="c">Luhn, Usch</marc:subfield>
   </marc:datafield>
   <marc:datafield ind1=" " ind2="1" tag="264">
      <marc:subfield code="a">Hamburg</marc:subfield>
      <marc:subfield code="b">Carlsen</marc:subfield>
   </marc:datafield>
   <marc:datafield ind1="1" ind2=" " tag="490">
      <marc:subfield code="a">Ponyherz / Usch Luhn</marc:subfield>
      <marc:subfield code="v">Band 12</marc:subfield>
   </marc:datafield>
   <marc:datafield ind1=" " ind2=" " tag="250">
      <marc:subfield code="a">1. Aufl.</marc:subfield>
   </marc:datafield>
   <marc:datafield ind1="1" ind2=" " tag="520">
      <marc:subfield code="a">Angaben aus der Verlagsmeldung &#xD;
&#xD;
 &#xD;
&#xD;
  Ponyherz 12: Ponyherz wird ein Star / von Usch Luhn &#xD;
&#xD;
 &#xD;
&#xD;
  &#xD;
PONYHERZ: Ein Mädchen. Ein Wildpferd. Eine unglaubliche Freundschaft. *** &#xD;
&#xD;
 &#xD;
BAND 12: Niemand außer Anni weiß, dass im Wald hinter Groß-Hottendorf ein echter Held lebt. Doch dann sorgt ein Fotowettbewerb für Aufregung. Wird Ponyherz nun berühmt? Verdient hat er es ja – aber das Wildpferd gerät damit auch in große Gefahr … ***  &#xD;
&#xD;
 &#xD;
Besonderes Extra: mit tollem "Ponyherz"-Lesezeichen! *** &#xD;
&#xD;
 &#xD;
PONYHERZ: Anni hat ein Geheimnis: Im Wald wartet Ponyherz auf sie – ein Wildpferd ... Zusammen können sie reiten wie der Wind ... *** &#xD;
&#xD;
 &#xD;
Liebevoll erzähltes Pferde-Abenteuer für Kinder ab 7 Jahren. Mit kurzen Kapiteln, überzeugender, liebenswerter Heldin, einem mutigen Pony und vielen bezaubernden Bildern! Ideal für Leseanfänger. Wildromantisch, verträumt und spannend, mit viel Natur und Wald für große und kleine Ponyfreunde. Mit beliebter Zeichenschule für alle Fans! *** &#xD;
&#xD;
 &#xD;
 </marc:subfield>
   </marc:datafield>
   <marc:datafield ind1=" " ind2=" " tag="020">
      <marc:subfield code="a">9783551652928</marc:subfield>
      <marc:subfield code="9">9783551652928</marc:subfield>
   </marc:datafield>
   <marc:datafield ind1=" " ind2=" " tag="020">
      <marc:subfield code="a">3551652929</marc:subfield>
      <marc:subfield code="9">3551652929</marc:subfield>
   </marc:datafield>
   <marc:datafield ind1=" " ind2=" " tag="041">
      <marc:subfield code="a">ger</marc:subfield>
   </marc:datafield>
   <marc:datafield ind1=" " ind2=" " tag="300">
      <marc:subfield code="b">Illustrationen</marc:subfield>
   </marc:datafield>
   <marc:datafield ind1="0" ind2=" " tag="490">
      <marc:subfield code="v">Band 12</marc:subfield>
   </marc:datafield>
   <marc:datafield ind1="1" ind2=" " tag="521">
      <marc:subfield code="a">Kind</marc:subfield>
   </marc:datafield>
   <marc:datafield ind1=" " ind2=" " tag="338">
      <marc:subfield code="a">Band</marc:subfield>
   </marc:datafield>
   <marc:datafield ind1=" " ind2=" " tag="300">
      <marc:subfield code="a">121 Seiten</marc:subfield>
   </marc:datafield>
</marc:record>
